00882nam a2200217 a 4500008004100000020001500041050001800056100003200074245006900106260004400175300002100219350000900240490003900249500007200288650004000360650001800400710001500418995008800433999001700521952012600538120416s1987 ||||||||||||||||| || u a0195205448 aHD 4420.8 Rot aRoth, Gabriel Joseph, 1926-14aThe private provision of public services in developing countries aNew YorkbOxford University Pressc1987 axv, 278p. : ill. a0.00 aEDI series in economic development a'Published for the World Bank.' -Includes bibliographies and index. aPRIVATIZATION--DEVELOPING COUNTRIES 0aPRIVATIZATION aWorld Bank D0.00FCBU-MAIN LIBRARY (Kitwe)H1I30.25M1UAVAILABLEZAnnex Low-Usage Collection  c54678d54678 00102lcc4070a001b001cAnnex Low-Usage Collection d2022-11-30l0oHD 4420.8 Rotp004182r2022-11-30w2022-11-30y002